Товароведение и экспертиза товаров: учебное пособие для вузов

מידע ביבליוגרפי
מחבר ראשי: Трубченко Т. Г. Татьяна Григорьевна
מחבר תאגידי: Томский политехнический университет (ТПУ)
סיכום:В пособии изложены основы организации товароведческой деятельности, рассмотрены вопросы формирования и анализа ассортимента, оценки качества товаров, организация экспертизы товаров. Даны основные аспекты организации хранения товаров и информационного сопровождения товара в процессе товародвижения. В конце пособия приводится глоссарий.
שפה:רוסית
יצא לאור: Томск, Изд-во ТПУ, 2009
נושאים:
פורמט: ספר
KOHA link:https://koha.lib.tpu.ru/cgi-bin/koha/opac-detail.pl?biblionumber=178812

MARC

LEADER 00000nam0a2200000 4500
001 178812
005 20231101223430.0
035 |a (RuTPU)RU\TPU\book\193827 
090 |a 178812 
100 |a 20100409d2009 m y0rusy50 ca 
101 0 |a rus 
102 |a RU 
105 |a a j 001zy 
200 1 |a Товароведение и экспертиза товаров  |e учебное пособие для вузов  |f Т. Г. Трубченко 
210 |a Томск  |c Изд-во ТПУ  |d 2009 
215 |a 265 с.  |c ил. 
320 |a Библиогр.: с. 244-246. 
320 |a Словарь терминов и понятий: с. 251-262. 
330 |a В пособии изложены основы организации товароведческой деятельности, рассмотрены вопросы формирования и анализа ассортимента, оценки качества товаров, организация экспертизы товаров. Даны основные аспекты организации хранения товаров и информационного сопровождения товара в процессе товародвижения. В конце пособия приводится глоссарий. 
606 1 |a Экспертиза товарная  |2 stltpush  |3 (RuTPU)RU\TPU\subj\60321  |9 77714 
606 1 |a Товароведение  |2 stltpush  |3 (RuTPU)RU\TPU\subj\69426  |9 84277 
606 1 |a Торговля  |x Экономика  |2 stltpush  |3 (RuTPU)RU\TPU\subj\37078  |9 58228 
610 1 |a товары 
610 1 |a товароведы 
610 1 |a промышленная продукция 
610 1 |a потребительские свойства 
610 1 |a классификация 
610 1 |a каталогизация 
610 1 |a идентификация 
610 1 |a ассортимент 
610 1 |a хранение 
610 1 |a срок годности 
610 1 |a складские операции 
610 1 |a потери 
610 1 |a упаковка 
610 1 |a товарная информация 
610 1 |a маркировка 
610 1 |a штриховое кодирование 
610 1 |a фальсификация 
610 1 |a учебные пособия 
675 |a 620.22(075.8)  |v 3 
675 |a 658.62.018(075.8)  |v 3 
700 1 |a Трубченко  |b Т. Г.  |c экономист  |c доцент Томского политехнического университета, кандидат экономических наук  |f 1975-  |g Татьяна Григорьевна  |2 stltpush  |3 (RuTPU)RU\TPU\pers\29384 
712 0 2 |a Томский политехнический университет (ТПУ)  |c (1991- )  |2 stltpush  |3 (RuTPU)RU\TPU\col\376 
801 1 |a RU  |b 63413507  |c 20100409 
801 2 |a RU  |b 63413507  |c 20220518  |g RCR 
900 |a Товароведение и экспертиза товаров 
942 |c BK